| 000 | 00710cam a2200241 4500 | ||
|---|---|---|---|
| 001 | J110 | ||
| 008 | 090401t xxu||||| |||| 00| 0 eng d | ||
| 035 | _a(Sirsi) u73413 | ||
| 041 | _aeng | ||
| 050 | _a306.1 | ||
| 100 | _aAdair, A. | ||
| 245 | _aNorthern Ireland property market analysis project (NIPMAP). - Report no.26 (January-March 1991); no.28 (July-September 1991) - No.29 (October-December 1991) | ||
| 260 |
_aNewtownabbey, _bUniversity of Ulster _c1991-92 |
||
| 300 | _a3 pt. ; 30cm. | ||
| 350 | _a0 | ||
| 520 | _aPublished quarterly | ||
| 650 | _aHOUSE PRICES | ||
| 650 | _aNORTHERN IRELAND | ||
| 650 | _aPROPERTY MARKET | ||
| 700 | _aMcGreal, Stanley | ||
| 942 | _n0 | ||
| 948 | _c04/03/1997 | ||
| 999 |
_c95590 _d95590 |
||